BIBLIOTECA premios Nobel : desde 1901-.
Guardado en:
| Formato: | Libro |
|---|---|
| Idioma: | Spanish |
| Publicado: |
Madrid :
Aguilar,
1965.
|
| Materias: | |
| Etiquetas: |
Agregar Etiqueta
Sin Etiquetas, Sea el primero en etiquetar este registro!
|
| LEADER | 00436nam a22001455a 4500 | ||
|---|---|---|---|
| 001 | EUN.um043321 | ||
| 003 | AR-BaUNS | ||
| 005 | 20050623122913.0 | ||
| 008 | 041125s1965####sp#a##########000#0#spa#d | ||
| 245 | 0 | 0 | |a BIBLIOTECA premios Nobel : |b desde 1901-. |
| 260 | |a Madrid : |b Aguilar, |c 1965. | ||
| 300 | |a v. : |b ilus. ; |c 18 cm. | ||
| 082 | 0 | 4 | |a 808.8 |
| 653 | |a Biblioteca premios nobel | ||
| 859 | |a Ar-BaUNS |b BIB. CENTRAL - Sector C |h 808.8 |i B471-1 |p 609/967 |v 1911-2 | ||
